Welcome to CU Library Online Public Access Catalogue (OPAC)

Textbook of family practice / (Record no. 3242)

MARC details
000 -LEADER
fixed length control field 00586pam a2200205 a 4500
001 - CONTROL NUMBER
control field 3032047
005 - DATE AND TIME OF LATEST TRANSACTION
control field 20250129203502.0
008 - FIXED-LENGTH DATA ELEMENTS--GENERAL INFORMATION
fixed length control field 950216s1995 paua b 001 0 eng c
020 ## - INTERNATIONAL STANDARD BOOK NUMBER
International Standard Book Number 0721640532
050 00 - LIBRARY OF CONGRESS CALL NUMBER
Classification number RC46
Item number .T327 1995
082 00 - DEWEY DECIMAL CLASSIFICATION NUMBER
Classification number 610
Edition information 20
245 00 - TITLE STATEMENT
Title Textbook of family practice /
Statement of responsibility, etc. [edited by] Robert E. Rakel.
250 ## - EDITION STATEMENT
Edition statement 5th ed.
260 ## - PUBLICATION, DISTRIBUTION, ETC.
Place of publication, distribution, etc. Philadelphia :
Name of publisher, distributor, etc. W. B. Saunders Company,
Date of publication, distribution, etc. c1995.
300 ## - PHYSICAL DESCRIPTION
Extent xxii, 1754 p. :
Other physical details ill. ;
Dimensions 29 cm.
650 #0 - SUBJECT ADDED ENTRY--TOPICAL TERM
Topical term or geographic name entry element Family medicine.
650 12 - SUBJECT ADDED ENTRY--TOPICAL TERM
Topical term or geographic name entry element Family Practice.
700 1# - ADDED ENTRY--PERSONAL NAME
Personal name Rakel, Robert E.
942 ## - ADDED ENTRY ELEMENTS (KOHA)
Source of classification or shelving scheme Library of Congress Classification
Koha item type Books
Edition 5th ed.
Suppress in OPAC No
999 ## -
-- 3242
-- 3242
Holdings
Withdrawn status Lost status Source of classification or shelving scheme Damaged status Not for loan Collection Home library Current library Shelving location Date acquired Total checkouts Full call number Barcode Date last seen Copy number Price effective from Koha item type
    Library of Congress Classification     Non-fiction Science Library (Miotso) Science Library (Miotso) General stacks 01/29/2025   RC46 .T327 TEX SLM00002624 01/29/2025 1 01/29/2025 Books
© 2023-2024 Copyright: Central University Libraries. All Rights Reserved | Created by: Mahone Tech Office